Success in volleyball

Bibliographic Details
Main Author: Anthony, Don (Author)
Format: Book
Published: London John Murray 1978
Subjects:

MARC

LEADER 00000cam a2200000 7i4500
001 0000009716
008 021119n
020 |a 0719535506 
050 0 0 |a GV1017.V6  |b A5 
090 0 0 |a GV1017.V6  |b A5 
100 0 |a Anthony, Don  |e author 
245 0 0 |a Success in volleyball   |c Don Anthony 
260 2 |a London   |b John Murray  |c 1978 
300 |a 80 p. ; plates ;  |c 22 cm. 
650 0 |a Volleyball 
999 |a 1000010323  |b Book  |c OPEN SHELF (30 DAYS)  |e Gong Badak Campus